Первоміст. Смерть у Києві (Запис № 313375)

МАРК-запис
000 -Лідер
fixed length control field 00610nam a22002417a 4500
001 - Контрольний номер
control field 27036
003 - Ідентифікатор контрольного номера
control field UA-OsUOA
005 - Дата та час останнього входження (трансакції)
control field 20210202102429.0
007 - Фіксоване поле фізичного опису
fixed length control field ta
008 - Елементи даних фіксованої довжини – загальна інформація
fixed length control field 20040614b un ||||| |||| 00| 0 ukr d
040 ## - Джерело каталогізації
Агенція оригінальної каталогізації UA-OsUOA
Мова каталогізації ukr
Агенція, яка здійснювала перезапис UA-OsUOA
Агенція, яка здійснювала модифікацію UA-OsUOA
041 ## - Код мови
Код мови тексту/ звукової доріжки чи окремого заголовка (П) ukr
044 ## - Код країни видавця/ виробника
Код країни видавця/ виробника (П) UA
080 ## - Індекс Універсальної десяткової класифікації
Індекс Універсальної десяткової класифікації (УДК) (НП) 821.161.2
090 ## - Локальний шифр розміщення
Класифікаційний індекс УДК 821.161.2
Авторський знак (НП) З-14
100 ## - Основне введення – ім’я особи
Ім’я особи (НП) Загребельний П.
245 ## - Відомості про назву
Назва (НП) Первоміст. Смерть у Києві
Решта назви (НП) історичні романи
260 ## - Публікація, розповсюдження і т.п. (Вихідні дані)
Місце публікації, розповсюдження і т.п. (П) Київ
Ім’я/ наймення видавництва, розповсюджувача і т.п. (П) Дніпро
Дата публікації, розповсюдження і т.п. (П) 1978
300 ## - Фізичний опис
Обсяг 816 с.
650 #7 - Додаткове предметне введення – тематичний термін
Джерело заголовка чи терміна UDC
942 ## - Додаткові елементи входу (Коха)
Тип елемента Koha Книги
Source of classification or shelving scheme Universal Decimal Classification
955 ## - Код типу видання за змістом
Код типу видання за змістом (НП) Літературно-художні видання
Фонди
Стан вилучень Стан втрат Джерело класифікації або схеми стелажів Стан уражень Не для кредиту Постійне місце розташування Поточне розміщення Дата придбання Інвентарний номер Усього замовленно Повний номер виклику Штрих-код Дата останнього перегляду Ціна ефективна від Тип елемента Koha Вартість, звичайна ціна покупки
    Universal Decimal Classification     АБ - Абонемент НБ АБ - Абонемент НБ 07/11/2012 34599   82-311.6 З-14 34599 24/03/2022 14/06/2004 Книги  
    Universal Decimal Classification     АБ - Абонемент НБ АБ - Абонемент НБ 07/11/2012 43030   82-311.6 З-14 43030 24/03/2022 14/06/2004 Книги  
    Universal Decimal Classification     АБ - Абонемент НБ АБ - Абонемент НБ 14/06/2004 79519   82-311.6 З-14 79519 24/03/2022 14/06/2004 Книги 10.00